000 01074cam a2200325 a 4500
001 castlemalice00ross
003 CaSfIA
005 20230525154922.0
007 cr||||
008 860903s1986 onc 000 1 eng
040 _aNLC
_beng
_cNLC
_dBGU
_dOCL
_dOCLCQ
_dCaSfIA
016 _a860091856
020 _a0373320124 :
_c$2.25
020 _a9780373320127
035 _a(OCoLC)16056260
043 _ae-it---
055 0 0 _aPS8535 O794
_bC288 1986
055 0 2 _aPS8535*
082 0 4 _aC813/.54
_219
100 1 _aRoss, Marilyn,
_d1912-
245 1 0 _aCastle malice /
_h[electronic resource]
_cMarilyn Ross.
260 _aToronto :
_bHarlequin Books,
_c1986.
300 _a220 p. ;
_c17 cm.
490 0 _aHarlequin gothic romance
651 0 _aRiviera (Italy)
_vFiction.
655 7 _aRomantic suspense fiction.
_2gsafd
029 0 _aNLC
_b860091856
856 4 1 _uhttp://www.archive.org/details/castlemalice00ross
_zFree eBook from the Internet Archive
856 4 2 _uhttp://www.openlibrary.org/books/OL7416500M
_zAdditional information and access via Open Library
999 _c19980
_d19980